000
00233nam a2200109 4500
003
OSt
008
231115b |||||||| |||| 00| 0 eng d
041
_a
mal
100
_a
Unnayi Warrier
_9
5661
245
_a
Nalacharitham /
942
_c
BK
999
_c
17911
_d
17911